000 00561nam a2200193 a 4500
001 5013
003 CO-ViMGA
008 141112s2004 ck r 000 u spa d
020 _a0201601036
040 _aCO-ViMGA
_bspa
_cCO-ViMGA
082 0 4 _aMEVIECAR.642 B822
100 1 _aBudd, Timothy
_93221
245 1 0 _aIntroducción a la programación orientada a objetos /
_cBudd Timothy
260 _aWilmington :
_bAddison - Wesley,
_c1991
300 _a409 p
590 _aDatos de inventario : 05683
650 1 4 _aPROGRAMACION DE COMPUTADORES
942 _2ddc
_cBK
999 _c17015
_d17015